| 000 | 00535nam a22001937a 4500 | ||
|---|---|---|---|
| 999 |
_c195516 _d195516 |
||
| 005 | 20230405105332.0 | ||
| 010 | _aENG-136569 | ||
| 020 |
_a9788174467355 _c325.00 |
||
| 035 | _aEN-120101 | ||
| 037 | _bDBAD/PUB | ||
| 082 | _a382 | ||
| 100 | _aSingh, Ram | ||
| 245 |
_aInternational Trade Operations / _cBy Ram Singh |
||
| 250 | _aFirst | ||
| 260 |
_aNew Delhi _bExcel Books _c2009 |
||
| 270 |
_aA-45, Naraina, Phase 1 _bNew Delhi _e110028 |
||
| 300 |
_a504p.; _c24cm(pbk) _bindex |
||
| 942 |
_2ddc _cEN _mRAM _h382 |
||